| 000 | 00378nam a2200145 a 4500 | ||
|---|---|---|---|
| 001 | 1848 | ||
| 003 | CDMR | ||
| 005 | 20130319115248.0 | ||
| 008 | 130130s1996||||||||||||||||||||||||||||d | ||
| 040 |
_aCDMR _bcat _cCPC LLEIDA |
||
| 100 | 1 |
_aLópez López, Antonio _91379 |
|
| 245 | 1 | 0 |
_aL'herència de Prometeu _cLÓPEZ LÓPEZ, Antonio |
| 260 |
_aLleida _c1996 _bPagès |
||
| 942 |
_cMON _2udc |
||
| 999 |
_c1848 _d1848 |
||